[Event "GER-ch U25-C"]
[Site "Willingen"]
[Date "2018.05.26"]
[Round "9"]
[White "Grozea, Nicolae Theodor"]
[Black "Basovskiy, Michael"]
[Result "1-0"]
[WhiteElo "972"]
[BlackElo "937"]
[PlyCount "49"]
[EventDate "2018.05.19"]
[EventType "swiss"]
[EventRounds "9"]
[EventCountry "GER"]
[SourceTitle "CBM 184 Extra"]
[Source "ChessBase"]
[SourceDate "2018.06.28"]
[SourceVersion "1"]
[SourceVersionDate "2018.06.28"]
[SourceQuality "1"]

1. e4 c5 2. Nf3 e6 3. d4 cxd4 4. Nxd4 Nf6 5. Nc3 Nc6 6. Be3 Bb4 7. Nxc6 bxc6 8. Bd2 Bxc3 9. Bxc3 Nxe4 10. Bd3 Nxc3 11. bxc3 Rb8 12. 0-0 0-0 13. Qh5 h6 14. Qh3 Qf6 15. Qg3 Qxc3 16. Bh7+ Kxh7 17. Qxc3 Ba6 18. Rfe1 Rfc8 19. Rab1 Rd8 20. h4 d5 21. h5 c5 22. Qg3 f5 23. Qg6+ Kg8 24. Rxe6 Bc4 25. Re7 1-0

[Event "GER-ch U25-C"]
[Site "Willingen"]
[Date "2018.05.23"]
[Round "5"]
[White "Reyher, Bastian"]
[Black "Basovskiy, Michael"]
[Result "1-0"]
[WhiteElo "1175"]
[BlackElo "937"]
[PlyCount "51"]
[EventDate "2018.05.19"]
[EventType "swiss"]
[EventRounds "9"]
[EventCountry "GER"]
[SourceTitle "CBM 184 Extra"]
[Source "ChessBase"]
[SourceDate "2018.06.28"]
[SourceVersion "1"]
[SourceVersionDate "2018.06.28"]
[SourceQuality "1"]

1. e4 c5 2. Bc4 e6 3. Nc3 Nf6 4. d3 d5 5. Bb5+ Nc6 6. e5 Nd7 7. f4 a6 8. Bxc6 bxc6 9. Nf3 d4 10. Ne4 f5 11. Nd6+ Bxd6 12. exd6 Nf6 13. Ne5 Qxd6 14. Qf3 Bd7 15. Bd2 0-0 16. 0-0-0 Rab8 17. Nc4 Qc7 18. Ba5 Qb7 19. b3 Qc8 20. Nd6 Nd5 21. Nxc8 Ne3 22. Ne7+ Kh8 23. Rde1 Rf7 24. Nxc6 Bxc6 25. Qxc6 Nxg2 26. Qxg2 1-0

[Event "GER-ch U25-C"]
[Site "Willingen"]
[Date "2018.05.22"]
[Round "4"]
[White "Basovskiy, Michael"]
[Black "Margaryan, Venera"]
[Result "1/2-1/2"]
[WhiteElo "937"]
[BlackElo "991"]
[PlyCount "59"]
[EventDate "2018.05.19"]
[EventType "swiss"]
[EventRounds "9"]
[EventCountry "GER"]
[SourceTitle "CBM 184 Extra"]
[Source "ChessBase"]
[SourceDate "2018.06.28"]
[SourceVersion "1"]
[SourceVersionDate "2018.06.28"]
[SourceQuality "1"]

1. d4 d5 2. c4 c6 3. Nc3 Bf5 4. Qb3 Qc7 5. cxd5 cxd5 6. Nxd5 Qc8 7. Bf4 Nc6 8. Rc1 Rb8 9. Bxb8 Qxb8 10. e3 e6 11. Nf4 Bb4+ 12. Kd1 Nf6 13. Bd3 Ng4 14. Ke2 0-0 15. a3 Ba5 16. Nf3 Re8 17. Bxf5 exf5 18. Rhd1 Qxf4 19. g3 Qb8 20. Kf1 h6 21. h3 Nf6 22. Qa4 Bb6 23. d5 Ne7 24. d6 Ned5 25. Qc2 Qxd6 26. Qxf5 Qe6 27. Qxe6 Rxe6 28. Nd4 Bxd4 29. Rxd4 Re5 30. Kg2 1/2-1/2

[Event "GER-ch U25-C"]
[Site "Willingen"]
[Date "2018.05.21"]
[Round "3"]
[White "Wagner, Xaver"]
[Black "Basovskiy, Michael"]
[Result "1/2-1/2"]
[WhiteElo "1127"]
[BlackElo "937"]
[PlyCount "84"]
[EventDate "2018.05.19"]
[EventType "swiss"]
[EventRounds "9"]
[EventCountry "GER"]
[SourceTitle "CBM 184 Extra"]
[Source "ChessBase"]
[SourceDate "2018.06.28"]
[SourceVersion "1"]
[SourceVersionDate "2018.06.28"]
[SourceQuality "1"]

1. e4 c5 2. Nf3 e6 3. Nc3 Nf6 4. Bc4 d5 5. exd5 exd5 6. Bb3 Be6 7. d3 Bd6 8. Bg5 Nbd7 9. Bxd5 Bxd5 10. Nxd5 0-0 11. 0-0 h6 12. Bxf6 Nxf6 13. Nxf6+ Qxf6 14. c3 Rfd8 15. Qc2 Rac8 16. Rad1 Qg6 17. Nh4 Qh7 18. Qb3 Be7 19. Qxb7 Bxh4 20. g3 Qg6 21. Qg2 Bf6 22. a3 Rxd3 23. Qb7 Rcd8 24. Rxd3 Qxd3 25. Qxa7 Qf5 26. Qa5 Qc8 27. Qa4 Qb8 28. Qc2 Rd7 29. Rb1 Rb7 30. Qc1 c4 31. Qd2 Rc7 32. Qf4 Bg5 33. Qd4 Bf6 34. Qe4 Qb7 35. Qe8+ Kh7 36. Qa4 Qc6 37. Qxc6 Rxc6 38. Re1 Rb6 39. Rb1 Kg6 40. Kg2 Kf5 41. Kf3 g5 42. g4+ Kg6 1/2-1/2